خط خیر : (Record no. 108718)

MARC details
000 -LEADER
fixed length control field 00854nam a22002537a 4500
005 - DATE AND TIME OF LATEST TRANSACTION
control field 20170123162344.0
010 ## - LIBRARY OF CONGRESS CONTROL NUMBER
LC control number A-880502
020 ## - INTERNATIONAL STANDARD BOOK NUMBER
Terms of availability 100.00
035 ## - SYSTEM CONTROL NUMBER
System control number A-880502
037 ## - SOURCE OF ACQUISITION
Source of stock number/acquisition Cen Lib/Ret
040 ## - CATALOGING SOURCE
Original cataloging agency DPL
Language of cataloging UR
082 ## - DEWEY DECIMAL CLASSIFICATION NUMBER
Classification number 841.8
Item number ر و ف
100 ## - MAIN ENTRY--PERSONAL NAME
Personal name رؤف خیر
9 (RLIN) 656
245 ## - TITLE STATEMENT
Title خط خیر :
Statement of responsibility, etc رؤف خیر
Remainder of title تنقیدی مضامین /
246 ## - VARYING FORM OF TITLE
Title proper/short title Khatt-e-Khair : tanqeedi mazameen /
Remainder of title by Rauf Khair
260 ## - PUBLICATION, DISTRIBUTION, ETC. (IMPRINT)
Place of publication, distribution, etc حیدرآباد
Name of publisher, distributor, etc خیری پبلیکیشنز
Date of publication, distribution, etc 1997
270 ## - ADDRESS
City حیدرآباد
Address رسالہ بازار گول کنڈا
300 ## - PHYSICAL DESCRIPTION
Extent 143.
Dimensions 21cm(Hb)
650 ## - SUBJECT ADDED ENTRY--TOPICAL TERM
Topical term or geographic name as entry element ادب -- اردو
9 (RLIN) 129708
650 ## - SUBJECT ADDED ENTRY--TOPICAL TERM
Topical term or geographic name as entry element اردو تنقیدی مضامین
9 (RLIN) 114356
650 ## - SUBJECT ADDED ENTRY--TOPICAL TERM
Topical term or geographic name as entry element Literature -- Urdu
9 (RLIN) 129709
650 ## - SUBJECT ADDED ENTRY--TOPICAL TERM
Topical term or geographic name as entry element Urdu critical articles
9 (RLIN) 114358
942 ## - ADDED ENTRY ELEMENTS (KOHA)
Source of classification or shelving scheme Dewey Decimal Classification
Koha item type Urdu Bks
Classification part 841.8
Call number suffix ر و ف
Holdings
Withdrawn status Lost status Damaged status Not for loan Home library Current library Date acquired Source of acquisition Cost, normal purchase price Total Checkouts Full call number Barcode Date last seen Copy number Cost, replacement price Price effective from Koha item type
        Central Library Central Library 02/02/2016 Cen Lib/Ret 100.00   841.8 ر و ف A-880502 02/02/2016 1 100.00 02/02/2016 Urdu Bks

© Delhi Public Library
Hit Counter
free hit counter